| 000 | 00337 a2200121 4500 | ||
|---|---|---|---|
| 005 | 20250319131906.0 | ||
| 082 | _a513.93 LUN | ||
| 100 | _aLUND, C. | ||
| 245 | _aCanadian Business Mathematics: Book 1 | ||
| 260 |
_aNew York, _bMcGraw-Hill, _c1962. |
||
| 300 |
_aviii, 358p.: ill.; chart, figure, graph, table. _bIndex. _c24cm. |
||
| 942 |
_2ddc _cBKS |
||
| 999 |
_c982 _d982 |
||